| 000 | 00919nam a2200253 i 4500 | ||
|---|---|---|---|
| 001 | 106176 | ||
| 003 | ES-MaACL | ||
| 007 | t| | ||
| 008 | 061005s1964 fr ||||1| fre d | ||
| 080 | _a329(44) P.C.F. | ||
| 080 | _a329(44) P.S.F. | ||
| 245 | 0 | 3 |
_aLe Congrès de Tours (décembre 1920) _b: naissance du Parti Communiste Français : édition critique des principaux débats / _cprésentée par Annie Kriegel. |
| 260 |
_a[Paris] : _bRené Julliard, _c[1964] |
||
| 300 |
_aXXX, 258 p. : _bil. ; _c19 cm. |
||
| 490 | 1 |
_aArchives ; _v7 |
|
| 500 | _aBiblioteca Juan Andrade. | ||
| 610 | 2 | 7 |
_aParti communiste français. _96125 |
| 610 | 2 | 7 |
_aParti socialiste (Francia) _96127 |
| 700 | 1 |
_aKriegel, Annie. _968843 |
|
| 710 | 2 |
_aParti Socialiste (Francia). _bCongrès national ( _n18 th. _d1920. _cTours) _96128 |
|
| 830 | 0 |
_aArchives ; _v7 _9185124 |
|
| 852 |
_aES-MaACL _jAND-884 _bR.110172 |
||
| 999 |
_c106176 _d106176 |
||